Villes de plus d'1M d'habitants #1 Amérique Nord - Statistiques

Statistiques générales
  • Ce quiz a été pris 55 fois
  • Le résultat moyen est 14 sur 21
Réponses sur la Carte
Les réponses sont colorées sur une échelle allant du rouge au vert en fonction du pourcentage des utilisateurs qui les ont devinées à leur premier essai. Vous pouvez retrouver ces pourcentages ci-dessous.
 
Statistiques - réponses
pays Réponse population ( intra muros ) % Correct
USA Chicago 2 664 452 (2023)
100%
USA New York 8 804 190 (2020)
100%
USA Los Angeles 3 898 747 (2020)
98%
Mexique Mexico 9 209 944 (2020)
98%
Canada Montréal 1 762 949 (2021)
96%
Canada Toronto 3 025 647 (2023)
96%
Cuba La Havane 2 136 146 (2022)
88%
Canada Ottawa 1 017 449 (2021)
86%
Panama Panama 1 086 990 (2023)
80%
USA Houston 2 314 157 (2023)
78%
Haiti Port-au-Prince 1 234 742 (2019)
73%
République dominicaine Saint-Domingue 1 029 110 (2023)
57%
Mexique Tijuana 1 810 645 (2020)
57%
USA Phoenix 1 608 139 (2020)
51%
Canada Calgary 1 470 148 (2023)
49%
Canada Edmonton 1 223 230 (2022)
49%
Nicaragua Managua 1 061 054 (2022)
47%
Honduras Tegucigalpa 1 326 230 (2023)
47%
Mexique Juárez 1 501 551 (2020)
20%
Mexique Puebla 1 692 181 (2020)
16%
Mexique Ecatepec 1 658 806 (2010)
2%
Aucun quiz correspondant
Distribution des résultats
% des personnes avec chaque résultat
Percentile par nombre de réponses
Votre historique - résultats
Vous n’avez pas pris ce quiz